00466nam a2200121Ia 4500008004100000082001800041100002400059245006900083260004800152365000600200630006900206730006900275100415s9999 xx 000 0 und d b9206a574(53) aInformation Culture aThe Acientific Results Of The Oman Flora And Fauna Survey 1975 aOMANc1977bMinistry Of Information Culture b0 aThe Acientific Results Of The Oman Flora And Fauna Survey 1975 aThe Acientific Results Of The Oman Flora And Fauna Survey 1975